[Event "Dortmund Sparkassen op-A 51st"]
[Site "Dortmund"]
[Date "2024.08.16"]
[Round "7"]
[White "Sprenger De la Iglesia, Yevgeni"]
[Black "Pranava, Ravikumar"]
[Result "0-1"]
[WhiteElo "1973"]
[BlackElo "1991"]
[PlyCount "98"]
[EventDate "2024.08.10"]
[EventType "swiss"]
[EventRounds "9"]
[EventCountry "GER"]
[SourceTitle "CB34_2024"]
[SourceDate "2024.08.21"]
[SourceVersion "1"]
[SourceVersionDate "2024.08.21"]
[SourceQuality "1"]

1. d4 f5 2. c4 Nf6 3. Nf3 e6 4. g3 d5 5. Nc3 c6 6. Bf4 Be7 7. e3 0-0 8. Bd3 Ne4 9. h4 Nd7 10. Kf1 b6 11. Kg2 Bf6 12. cxd5 exd5 13. Qb3 Kh8 14. h5 Bb7 15. Be2 Qe7 16. Rae1 Rfe8 17. Nh4 Qe6 18. Nxe4 fxe4 19. Qd1 Bxh4 20. Bg4 Qe7 21. Bxd7 Qxd7 22. Rxh4 Bc8 23. Rg1 Qe7 24. a3 Be6 25. Rgh1 Kg8 26. g4 Rac8 27. R4h3 c5 28. Rg3 c4 29. g5 Bf5 30. Be5 c3 31. Qb3 cxb2 32. Qxb2 Rc4 33. Rc1 Rec8 34. Rxc4 Rxc4 35. Qb5 Qd7 36. Qxd7 Bxd7 37. h6 g6 38. f3 Bf5 39. fxe4 Bxe4+ 40. Kf2 Rc2+ 41. Ke1 Kf7 42. Bd6 Ke6 43. Bf8 a5 44. Rg4 Bf5 45. Rg3 Rc8 46. Bg7 Be4 47. Kd2 b5 48. Rg1 Rc2+ 49. Ke1 b4 0-1

[Event "Guildford Spring op"]
[Site "Guildford"]
[Date "2024.04.12"]
[Round "1"]
[White "Villiers, Thomas"]
[Black "Sprenger De la Iglesia, Yevgeni"]
[Result "0-1"]
[WhiteElo "2225"]
[BlackElo "1973"]
[PlyCount "104"]
[EventDate "2024.04.12"]
[EventType "swiss"]
[EventRounds "5"]
[EventCountry "ENG"]
[SourceTitle "CB18_2024"]
[SourceDate "2024.05.01"]
[SourceVersion "1"]
[SourceVersionDate "2024.05.01"]
[SourceQuality "2"]

1. e4 e6 2. d3 d5 3. Nd2 Nc6 4. Ngf3 Nf6 5. g3 dxe4 6. dxe4 Bc5 7. Bg2 0-0 8. 0-0 e5 9. Qe2 h6 10. c3 a5 11. Nc4 Qe7 12. Nh4 Bg4 13. Qc2 Qe6 14. Ne3 Bxe3 15. Bxe3 Bh3 16. Nf5 Bxg2 17. Kxg2 Rfd8 18. f3 Ne7 19. Nxe7+ Qxe7 20. Rfd1 b6 21. Qa4 Rxd1 22. Rxd1 Rd8 23. Rxd8+ Qxd8 24. Qc6 Qd3 25. Bf2 Qd7 26. Qb7 Ne8 27. c4 Qa4 28. c5 bxc5 29. Qd5 Nd6 30. Qxc5 Qxa2 31. Qxe5 Nc4 32. Qxc7 Nxb2 33. Qc8+ Kh7 34. Qc2 a4 35. e5+ Kg8 36. e6 fxe6 37. Bd4 a3 38. Be5 Qc4 39. Qd2 Qd3 40. Qa5 Nc4 41. Qa8+ Kh7 42. Ba1 Qe2+ 43. Kh3 Qf1+ 44. Kg4 Ne3+ 45. Kf4 Nd5+ 46. Kg4 Qxa1 47. Qa4 Nf6+ 48. Kf4 Qc1+ 49. Ke5 Qc5+ 50. Kxe6 Qd5+ 51. Ke7 Qd7+ 52. Kf8 Qxa4 0-1

[Event "Dublin Gonzaga Masters"]
[Site "Dublin"]
[Date "2024.01.27"]
[Round "2"]
[White "Sprenger De la Iglesia, Yevgeni"]
[Black "Li, Henry"]
[Result "0-1"]
[WhiteElo "1958"]
[BlackElo "2300"]
[PlyCount "54"]
[EventDate "2024.01.26"]
[EventType "swiss"]
[EventRounds "5"]
[EventCountry "IRL"]
[SourceTitle "CB05_2024"]
[SourceDate "2024.01.31"]
[SourceVersion "1"]
[SourceVersionDate "2024.01.31"]
[SourceQuality "1"]

1. d4 Nf6 2. c4 e6 3. Nf3 d5 4. g3 Bb4+ 5. Bd2 Be7 6. Bg2 0-0 7. 0-0 Ne4 8. Qc2 c6 9. Rd1 f5 10. Ne5 Nd7 11. Nxd7 Bxd7 12. Bxe4 fxe4 13. Bf4 Be8 14. Nd2 Bh5 15. Nf1 Bg5 16. Bxg5 Qxg5 17. Qd2 Qg4 18. Re1 Rf6 19. Ne3 Qh3 20. Ng2 Raf8 21. Qe3 Kh8 22. c5 g5 23. Rf1 Rf5 24. b4 R8f6 25. a4 Bf3 26. exf3 exf3 27. Ne1 g4 0-1

[Event "Spandau Christmas op 6th"]
[Site "Spandau"]
[Date "2023.12.27"]
[Round "2"]
[White "Sprenger De la Iglesia, Yevgeni"]
[Black "Tschernatsch, Johannes"]
[Result "0-1"]
[WhiteElo "1958"]
[BlackElo "2335"]
[PlyCount "60"]
[EventDate "2023.12.27"]
[EventType "swiss"]
[EventRounds "7"]
[EventCountry "GER"]
[SourceTitle "CB01_2024"]
[SourceDate "2024.01.03"]
[SourceVersion "1"]
[SourceVersionDate "2024.01.03"]
[SourceQuality "1"]

1. d4 Nf6 2. c4 g6 3. Nc3 d5 4. Nf3 Bg7 5. Qb3 dxc4 6. Qxc4 0-0 7. e4 Nc6 8. Be2 e5 9. d5 Nd4 10. Nxd4 exd4 11. Qxd4 c6 12. Qc4 b5 13. Qxc6 Bd7 14. Qd6 Re8 15. e5 b4 16. Qxb4 Rxe5 17. 0-0 a5 18. Qc4 Rc8 19. Qd4 Nxd5 20. Nxd5 Rxe2 21. Qd3 Qe8 22. Qf3 Re6 23. Bf4 Bc6 24. Rad1 Rd8 25. Rd2 Rxd5 26. Rxd5 Qa8 27. Rxa5 Qxa5 28. Qb3 Bb5 29. Bc7 Re1 30. Bxa5 Rxf1# 0-1

[Event "Glasgow op"]
[Site "Glasgow"]
[Date "2023.11.04"]
[Round "2"]
[White "Bin Suhayl, Ieysaa"]
[Black "Sprenger De la Iglesia, Yevgeni"]
[Result "1/2-1/2"]
[WhiteElo "2248"]
[BlackElo "1877"]
[PlyCount "131"]
[EventDate "2023.11.03"]
[EventType "swiss"]
[EventRounds "5"]
[EventCountry "SCO"]
[SourceTitle "Mega2024 Update 01"]
[Source "Chessbase"]
[SourceDate "2023.11.12"]
[SourceVersion "1"]
[SourceVersionDate "2023.11.12"]
[SourceQuality "1"]

1. d4 d5 2. Nf3 Nf6 3. c4 c6 4. e3 e6 5. Nbd2 Be7 6. Bd3 Nbd7 7. 0-0 0-0 8. e4 dxe4 9. Nxe4 Nxe4 10. Bxe4 Nf6 11. Bc2 c5 12. b3 b6 13. Qe2 Bb7 14. dxc5 Bxc5 15. Bb2 Qe7 16. a4 Rfd8 17. a5 Rac8 18. Rfd1 Rxd1+ 19. Rxd1 bxa5 20. h3 Rd8 21. Be5 Rxd1+ 22. Qxd1 Ne4 23. Bd4 Qd8 24. Qe1 Bxd4 25. Bxe4 Bxe4 26. Qxe4 Bb6 27. g4 g6 28. Qe2 Qf6 29. Qd3 Qd8 30. Qxd8+ Bxd8 31. c5 Kf8 32. Nd4 Ke7 33. Nc6+ Kd7 34. Nxa7 Be7 35. c6+ Kc7 36. Kf1 Bc5 37. Nb5+ Kxc6 38. Nc3 f5 39. gxf5 gxf5 40. Ke2 Bd4 41. Na2 Kb5 42. f3 e5 43. Kd3 Bb2 44. Kc2 Ba3 45. Nc3+ Kc5 46. Kd3 Bb4 47. Na4+ Kb5 48. Nb2 Bd6 49. Nc4 Bc7 50. Ne3 f4 51. Nd5 Bd6 52. Nf6 Kb4 53. Kc2 h6 54. Ng4 h5 55. Nf6 h4 56. Nd7 e4 57. fxe4 f3 58. Kd3 Kxb3 59. e5 f2 60. Ke2 Bxe5 61. Nxe5 a4 62. Nd3 a3 63. Kxf2 Kc3 64. Nc1 Kb2 65. Nd3+ Kc3 66. Nc1 1/2-1/2

[Event "Glasgow op"]
[Site "Glasgow"]
[Date "2023.11.04"]
[Round "3"]
[White "Sprenger De la Iglesia, Yevgeni"]
[Black "Vasiliadis, Theodoros"]
[Result "1/2-1/2"]
[WhiteElo "1877"]
[BlackElo "1821"]
[PlyCount "49"]
[EventDate "2023.11.03"]
[EventType "swiss"]
[EventRounds "5"]
[EventCountry "SCO"]
[SourceTitle "Mega2024 Update 01"]
[Source "Chessbase"]
[SourceDate "2023.11.12"]
[SourceVersion "1"]
[SourceVersionDate "2023.11.12"]
[SourceQuality "1"]

1. d4 Nf6 2. c4 g6 3. Nc3 Bg7 4. e4 d6 5. Nf3 0-0 6. Be2 e5 7. Be3 exd4 8. Nxd4 c6 9. f3 Re8 10. Bf2 d5 11. exd5 cxd5 12. 0-0 Nc6 13. c5 a6 14. Qd2 Bd7 15. Rad1 Rc8 16. Rfe1 Bf8 17. Nxc6 Bxc6 18. b4 Qd7 19. Bd4 Bg7 20. Qc2 Re6 21. a4 Qe7 22. Qd2 Re8 23. b5 axb5 24. axb5 Bxb5 25. Nxb5 1/2-1/2

[Event "Edinburgh Allegro op"]
[Site "Edinburgh"]
[Date "2023.08.05"]
[Round "5"]
[White "McNaught, Jordan J"]
[Black "Sprenger De la Iglesia, Yevgeni"]
[Result "0-1"]
[WhiteElo "1539"]
[BlackElo "1724"]
[PlyCount "94"]
[EventDate "2023.08.05"]
[EventType "swiss (rapid)"]
[EventRounds "5"]
[EventCountry "SCO"]
[SourceTitle "CBM 215 Extra"]
[Source "ChessBase"]
[SourceDate "2023.09.30"]
[SourceVersion "1"]
[SourceVersionDate "2023.09.30"]
[SourceQuality "1"]

1. d4 d5 2. c4 c6 3. Nc3 Nf6 4. e3 e6 5. Nf3 Nbd7 6. Be2 Bd6 7. 0-0 0-0 8. b3 b6 9. Bb2 Bb7 10. Bd3 e5 11. cxd5 cxd5 12. dxe5 Nxe5 13. Nb5 Nxd3 14. Nxd6 Nxb2 15. Nxb7 Nxd1 16. Nxd8 Nxe3 17. fxe3 Rfxd8 18. Rac1 Rac8 19. Rfd1 h6 20. Kf2 Ng4+ 21. Ke2 Rc5 22. b4 Rxc1 23. Rxc1 Re8 24. Rc3 Re7 25. h3 Nf6 26. Rc8+ Kh7 27. Nd4 Ne4 28. Nf5 Re5 29. Nd4 Re7 30. Nf5 Rd7 31. g4 Ng5 32. h4 Ne4 33. a3 g6 34. Nd4 Nd6 35. Rc6 Nc4 36. a4 Ne5 37. Rc8 Nxg4 38. Kf3 Ne5+ 39. Ke2 Nc4 40. Rc6 Re7 41. Nc2 Nxe3 42. Nxe3 d4 43. Kd2 dxe3+ 44. Ke2 f5 45. Rf6 Kg7 46. Rd6 f4 47. Rd1 g5 0-1

[Event "ESP-ch U14 rapid"]
[Site "Salobrena"]
[Date "2023.07.23"]
[Round "5"]
[White "Montesinos Rodriguez, Carles"]
[Black "Sprenger De la Iglesia, Yevgeni"]
[Result "0-1"]
[WhiteElo "1468"]
[BlackElo "1724"]
[PlyCount "106"]
[EventDate "2023.07.22"]
[EventType "swiss (rapid)"]
[EventRounds "9"]
[EventCountry "ESP"]
[SourceTitle "EXT 2024"]
[Source "ChessBase"]
[SourceDate "2023.10.10"]
[SourceVersion "1"]
[SourceVersionDate "2023.10.10"]
[SourceQuality "1"]

1. d4 d5 2. c4 e6 3. Nf3 Nf6 4. Nc3 c6 5. Bg5 Nbd7 6. e3 Qa5 7. Bd3 dxc4 8. Bxc4 Ne4 9. Qc2 Nxg5 10. Nxg5 Qxg5 11. 0-0 b5 12. Be2 Bb7 13. Bf3 Bd6 14. Qd3 0-0 15. Nxb5 Qxb5 16. Qxb5 cxb5 17. Bxb7 Rab8 18. Bf3 Rfc8 19. Rac1 Nb6 20. b3 Rxc1 21. Rxc1 Rc8 22. Rc6 Rxc6 23. Bxc6 b4 24. e4 e5 25. d5 Kf8 26. Kf1 Ke7 27. Ke2 Bc5 28. f3 Kd6 29. Kd3 Bd4 30. h3 Kc5 31. Be8 f6 32. Bc6 Nc8 33. h4 Ne7 34. Be8 g6 35. g4 f5 36. Bf7 a5 37. Be6 fxg4 38. fxg4 g5 39. h5 h6 40. Bd7 Ng8 41. Be6 Nf6 42. Bf5 Ne8 43. Bd7 Nd6 44. Bc6 Nb5 45. Bxb5 Kxb5 46. d6 Kc6 47. Kc4 Bb6 48. d7 Kxd7 49. Kb5 Bd8 50. Kc5 Ke6 51. Kc6 Be7 52. Kb5 Kd6 53. Kxa5 Kc5 0-1

[Event "ESP-ch U14 rapid"]
[Site "Salobrena"]
[Date "2023.07.23"]
[Round "8"]
[White "Sprenger De la Iglesia, Yevgeni"]
[Black "Martinez Soriano, Pablo"]
[Result "0-1"]
[WhiteElo "1724"]
[BlackElo "1838"]
[PlyCount "58"]
[EventDate "2023.07.22"]
[EventType "swiss (rapid)"]
[EventRounds "9"]
[EventCountry "ESP"]
[SourceTitle "EXT 2024"]
[Source "ChessBase"]
[SourceDate "2023.10.10"]
[SourceVersion "1"]
[SourceVersionDate "2023.10.10"]
[SourceQuality "1"]

1. d4 e6 2. c4 f5 3. Nc3 Nf6 4. Nf3 b6 5. g3 Bb7 6. Bg2 Be7 7. 0-0 0-0 8. Bf4 Ne4 9. Nxe4 fxe4 10. Ne5 d6 11. Ng4 Nd7 12. Ne3 e5 13. dxe5 dxe5 14. Nd5 exf4 15. Bxe4 Nc5 16. Bg2 fxg3 17. b4 Rxf2 18. Rxf2 gxf2+ 19. Kf1 Kh8 20. bxc5 Bxc5 21. Qd3 Qh4 22. h3 Rd8 23. Qb3 Qg5 24. Qc3 Bxd5 25. cxd5 Qf4 26. e3 Qh2 27. d6 Qg1+ 28. Ke2 Qxg2 29. dxc7 f1Q# 0-1

[Event "ESP-ch U14 rapid"]
[Site "Salobrena"]
[Date "2023.07.23"]
[Round "7"]
[White "Torres Rebolledo, Alvaro"]
[Black "Sprenger De la Iglesia, Yevgeni"]
[Result "1-0"]
[WhiteElo "1951"]
[BlackElo "1724"]
[PlyCount "77"]
[EventDate "2023.07.22"]
[EventType "swiss (rapid)"]
[EventRounds "9"]
[EventCountry "ESP"]
[SourceTitle "EXT 2024"]
[Source "ChessBase"]
[SourceDate "2023.10.10"]
[SourceVersion "1"]
[SourceVersionDate "2023.10.10"]
[SourceQuality "1"]

1. e4 c5 2. Nc3 Nc6 3. Bb5 Nd4 4. Nf3 a6 5. Bd3 g6 6. Nxd4 cxd4 7. Ne2 Bg7 8. c3 dxc3 9. dxc3 d5 10. exd5 Qxd5 11. 0-0 Nf6 12. Nf4 Qd8 13. Qc2 0-0 14. a4 e5 15. Ne2 Qc7 16. Ng3 Be6 17. h3 Rfd8 18. a5 Rxd3 19. Qxd3 Bc4 20. Qf3 Bxf1 21. Kxf1 e4 22. Qe2 Re8 23. Kg1 Nd5 24. Ra4 e3 25. Re4 Rxe4 26. Nxe4 Qf4 27. f3 Be5 28. g3 Qf5 29. Kg2 Bf4 30. c4 Nf6 31. Nxf6+ Qxf6 32. gxf4 Qxf4 33. Bxe3 Qe5 34. Qd2 h5 35. Bd4 Qf5 36. Qe2 Qg5+ 37. Kf1 Qd8 38. Qe5 Kf8 39. Qh8+ 1-0

[Event "ESP-ch U14 rapid"]
[Site "Salobrena"]
[Date "2023.07.22"]
[Round "1"]
[White "Merino Aceituno, Daniel"]
[Black "Sprenger De la Iglesia, Yevgeni"]
[Result "1/2-1/2"]
[WhiteElo "1256"]
[BlackElo "1724"]
[PlyCount "131"]
[EventDate "2023.07.22"]
[EventType "swiss (rapid)"]
[EventRounds "9"]
[EventCountry "ESP"]
[SourceTitle "EXT 2024"]
[Source "ChessBase"]
[SourceDate "2023.10.10"]
[SourceVersion "1"]
[SourceVersionDate "2023.10.10"]
[SourceQuality "1"]

1. e4 c5 2. Nf3 d6 3. d4 cxd4 4. Nxd4 Nf6 5. Nc3 Nc6 6. Bb5 Bd7 7. 0-0 g6 8. Nxc6 bxc6 9. Bd3 Bg7 10. Bd2 0-0 11. Re1 Qc7 12. Qe2 Rab8 13. b3 Ng4 14. f3 Ne5 15. Rac1 Nxd3 16. cxd3 Qb7 17. Be3 Rfc8 18. d4 d5 19. Na4 Be8 20. Nc5 Qb5 21. a4 Qxe2 22. Rxe2 e6 23. e5 Bf8 24. Rb2 Kg7 25. Rcb1 Rb4 26. Nd3 Rb6 27. b4 f6 28. Nc5 Kf7 29. exf6 Kxf6 30. g4 Rcb8 31. Nd3 Bd6 32. g5+ Ke7 33. Bd2 Bd7 34. Bc3 Rf8 35. Kg2 Rf5 36. Nc5 Rxg5+ 37. Kf1 Rb8 38. Re2 Bxc5 39. dxc5 Rf5 40. Kg2 Rbf8 41. Re3 Rf4 42. Be5 R4f5 43. Bd6+ Ke8 44. Bxf8 Kxf8 45. Rbe1 Kf7 46. Re5 Kf6 47. Rxf5+ gxf5 48. Kg3 e5 49. f4 e4 50. Rb1 a6 51. Rd1 Be8 52. Rd4 Ke6 53. h3 Bh5 54. Kf2 Bf3 55. h4 h5 56. Ke3 Bg4 57. Rd2 Kd7 58. Rb2 Bd1 59. a5 Ba4 60. Kd4 Bb5 61. Rg2 Ke6 62. Rg5 Be2 63. Rg6+ Kd7 64. Rd6+ Kc7 65. Rf6 Bg4 66. Rf7+ 1/2-1/2

[Event "ESP-ch U14 rapid"]
[Site "Salobrena"]
[Date "2023.07.22"]
[Round "4"]
[White "Sprenger De la Iglesia, Yevgeni"]
[Black "Buzica Patrin, Teo Adrian"]
[Result "1/2-1/2"]
[WhiteElo "1724"]
[BlackElo "1540"]
[PlyCount "69"]
[EventDate "2023.07.22"]
[EventType "swiss (rapid)"]
[EventRounds "9"]
[EventCountry "ESP"]
[SourceTitle "EXT 2024"]
[Source "ChessBase"]
[SourceDate "2023.10.10"]
[SourceVersion "1"]
[SourceVersionDate "2023.10.10"]
[SourceQuality "1"]

1. d4 d5 2. c4 e6 3. Nf3 Nf6 4. g3 Be7 5. Bg2 c5 6. cxd5 exd5 7. 0-0 Nbd7 8. Nc3 0-0 9. dxc5 Nxc5 10. Bg5 Nce4 11. Nxe4 dxe4 12. Nd2 Bf5 13. Bxf6 Bxf6 14. Bxe4 Bxb2 15. Rb1 Bxe4 16. Nxe4 Bd4 17. Qb3 Bb6 18. Rfd1 Qe7 19. Nc3 Rac8 20. Qb2 Rfe8 21. Nd5 Qxe2 22. Qxe2 Rxe2 23. Nxb6 axb6 24. Rxb6 Rxa2 25. Rxb7 g6 26. Rdd7 Rf8 27. Kg2 Kg7 28. g4 Ra5 29. h4 h5 30. Kg3 hxg4 31. Kxg4 Rf5 32. f4 Ra5 33. Re7 Ra4 34. Kg5 Ra5+ 35. Kg4 1/2-1/2

[Event "ESP-ch U14"]
[Site "Salobrena"]
[Date "2023.07.19"]
[Round "4"]
[White "Sprenger De la Iglesia, Yevgeni"]
[Black "Garcia Trabanca, Ana"]
[Result "1-0"]
[WhiteElo "1811"]
[BlackElo "1640"]
[PlyCount "103"]
[EventDate "2023.07.17"]
[EventType "swiss"]
[EventRounds "9"]
[EventCountry "ESP"]
[SourceTitle "EXT 2024"]
[Source "ChessBase"]
[SourceDate "2023.10.10"]
[SourceVersion "1"]
[SourceVersionDate "2023.10.10"]
[SourceQuality "1"]

1. d4 d5 2. c4 e6 3. Nf3 Nf6 4. g3 Be7 5. Bg2 0-0 6. 0-0 dxc4 7. Qc2 b5 8. a4 b4 9. Nbd2 Bb7 10. Nxc4 Nbd7 11. Rd1 Be4 12. Qb3 c5 13. Nfe5 Bxg2 14. Kxg2 Qc7 15. Nxd7 Qxd7 16. dxc5 Qc6+ 17. f3 Bxc5 18. Ne5 Qb7 19. Bg5 Nd5 20. e4 Qc7 21. Nd3 Ne3+ 22. Bxe3 Bxe3 23. Nxb4 Qb6 24. a5 Qb5 25. Qxe3 Qxb4 26. Qd4 Qb5 27. b4 a6 28. Rac1 Qe2+ 29. Qf2 Qb5 30. Rd4 Rac8 31. Rcd1 g6 32. Qf1 Rc2+ 33. Kg1 Qg5 34. f4 Qh5 35. R1d2 Rc6 36. Rd6 Rc3 37. Rxa6 Rfc8 38. Rad6 Rc1 39. Rd1 R8c2 40. h3 Rc3 41. Rxc1 Rxg3+ 42. Kh2 Rf3 43. Qg2 Rxf4 44. Rc5 Qh4 45. Rd2 Rxe4 46. Qg3 Qe7 47. Qc3 e5 48. Rc8+ Kg7 49. Qc5 Qe6 50. Qf8+ Kf6 51. Rd6 Re2+ 52. Kg3 1-0

[Event "Madrid-ch Previa A"]
[Site "Madrid"]
[Date "2023.02.13"]
[Round "4.13"]
[White "Javaloyes Ruiz, Miguel"]
[Black "Sprenger De la Iglesia, Yevgeni"]
[Result "0-1"]
[WhiteElo "1432"]
[BlackElo "1823"]
[PlyCount "58"]
[EventDate "2023.02.06"]
[EventType "swiss"]
[EventRounds "9"]
[EventCountry "ESP"]
[SourceTitle "EXT 2024"]
[Source "ChessBase"]
[SourceDate "2023.10.10"]
[SourceVersion "1"]
[SourceVersionDate "2023.10.10"]
[SourceQuality "1"]

1. d4 d5 2. c4 c6 3. Nf3 Nf6 4. g3 Bf5 5. Bg2 h6 6. Qb3 Qc8 7. Nc3 e6 8. Bf4 Nbd7 9. Rc1 Be7 10. cxd5 Nxd5 11. Nxd5 exd5 12. Ne5 Be6 13. 0-0 g5 14. Nxd7 Qxd7 15. Bd2 h5 16. f4 g4 17. Qc2 Bf5 18. e4 dxe4 19. Bxe4 Qxd4+ 20. Rf2 Bxe4 21. Bc3 Qd5 22. Qe2 Rh6 23. Rd1 Bf3 24. Rxd5 Bxe2 25. Re5 Bf3 26. f5 Kf8 27. Rf1 f6 28. Re6 Bc5+ 29. Rf2 Rd8 0-1

[Event "Madrid-ch Previa A"]
[Site "Madrid"]
[Date "2023.02.08"]
[Round "3.7"]
[White "Vukotic Jovsic, Dragan"]
[Black "Sprenger De la Iglesia, Yevgeni"]
[Result "1-0"]
[WhiteElo "1746"]
[BlackElo "1823"]
[PlyCount "77"]
[EventDate "2023.02.06"]
[EventType "swiss"]
[EventRounds "9"]
[EventCountry "ESP"]
[SourceTitle "EXT 2024"]
[Source "ChessBase"]
[SourceDate "2023.10.10"]
[SourceVersion "1"]
[SourceVersionDate "2023.10.10"]
[SourceQuality "1"]

1. Nf3 Nf6 2. d4 d5 3. Bf4 c5 4. e3 Nc6 5. c3 Qb6 6. Qb3 c4 7. Qxb6 axb6 8. Na3 Nh5 9. Bc7 Ra6 10. Be2 Bd7 11. Ne5 Nxe5 12. dxe5 g6 13. Bxh5 gxh5 14. Nc2 e6 15. Nb4 Bxb4 16. cxb4 Rg8 17. Rg1 Ba4 18. Kd2 Bc6 19. g3 Kd7 20. Bd6 Rga8 21. a3 Ba4 22. g4 h4 23. g5 Rg8 24. f4 Raa8 25. Rg4 f5 26. Rxh4 Rg7 27. Rg1 Rh8 28. Rg3 Kd8 29. Rh6 Bd7 30. Rgh3 Ke8 31. g6 Bc8 32. Rxh7 Rgxh7 33. Rxh7 Rg8 34. Rh6 Bd7 35. h4 Kd8 36. h5 Bc6 37. Rh7 Be8 38. Rxb7 b5 39. Kc3 1-0

[Event "ESP-ch U16 Rapid"]
[Site "Salobrena"]
[Date "2022.07.30"]
[Round "1"]
[White "Sprenger De la Iglesia, Yevgeni"]
[Black "Perea Fruet, Lorenzo"]
[Result "1-0"]
[WhiteElo "1400"]
[BlackElo "1830"]
[PlyCount "61"]
[EventDate "2022.07.30"]
[EventType "swiss (rapid)"]
[EventRounds "9"]
[EventCountry "ESP"]
[SourceTitle "EXT 2023"]
[Source "ChessBase"]
[SourceDate "2022.10.05"]
[SourceVersion "1"]
[SourceVersionDate "2022.10.05"]
[SourceQuality "1"]

1. d4 Nf6 2. Nf3 e6 3. g3 b6 4. Bg2 Bb7 5. c4 Bb4+ 6. Bd2 a5 7. a3 Bxd2+ 8. Nbxd2 0-0 9. 0-0 d5 10. cxd5 exd5 11. Rc1 Nbd7 12. Qc2 Rc8 13. b4 axb4 14. axb4 Qe7 15. Qb2 Qxe2 16. Rfe1 Qd3 17. Rc3 Qf5 18. Ne5 Rfe8 19. Rf3 Qh5 20. Qc2 Nxe5 21. Rf5 Nf3+ 22. Nxf3 Rxe1+ 23. Nxe1 Qg6 24. Re5 Qxc2 25. Nxc2 Kf8 26. Ne3 Rd8 27. g4 g6 28. Nc2 Nxg4 29. Rg5 Nf6 30. Rg3 Ra8 31. Rc3 1-0